000
00345 a2200121 4500
001
ART_48492
005
20260410162042.0
008
260409a
245
1
0
_a
Ganancias de la tercera categoría, ley 27.430
100
1
_a
Balán, Osvaldo
700
1
_a
Bello, Alberto M.
773
0
_t
Impuestos
_g
- N°44 (ene. 2019)
_w
REV45175
999
_c
34957
_d
34957